000 00536nam a2200181Ia 4500
005 20250508151521.0
008 008 250505s9999 xx 000 0 eng d
037 _aBooks to be hide in OPAC
040 _aFEDL
_beng
_cFEDL
041 _aeng
_2eng
084 _a372, ALM/O
_qFEDL
100 _aAlmack Staffelbach and Williams
_9759382
245 0 _aNew stanford speller: A pupil-activity textbook
260 _aChicago, USA
_bLaidlaw Brothers
300 _a96p.
942 _cHB
_h372, ALM/O
999 _c1330310
_d1330310